000 00614nam a2200193 i 4500
001 93856
003 ES-MaACL
005 20250805050324.0
007 t|
008 050421s1961 sp ||||1| spa d
100 1 _aPantorba, Bernardino de,
_d1896-1990
_988829
245 1 0 _aHistoria y fábula del Cid /
_cBernardino de Pantorba.
260 _aMadrid :
_bCompañía Bibliográfica Española,
_c1961.
300 _a437 p., [16] p. de lám. ;
_c22 cm.
600 0 4 _aEl Cid
_946886
710 2 _aCompañía Bibliográfica Española.
_9171207
852 _aES-MaACL
_jC-20982
999 _c93856
_d93856